Catálogo
 En Linea

So near and yet so far / (Registro nro. 3590)

Detalles MARC
000 -CABECERA
campo de control de longitud fija 00568nam a2200181 a 4500
001 - NÚMERO DE CONTROL
campo de control 000003768
005 - FECHA Y HORA DE LA ÚLTIMA TRANSACCIÓN
campo de control 20200929150549.0
008 - DATOS DE LONGITUD FIJA--INFORMACIÓN GENERAL
campo de control de longitud fija 750122s1955 nyu 000 f eng d
040 ## - FUENTE DE LA CATALOGACIÓN
Centro catalogador/agencia de origen DO-SdBNP
Lengua de catalogación spa
Centro/agencia transcriptor BNPHU
082 ## - NÚMERO DE LA CLASIFICACIÓN DECIMAL DEWEY
Número de clasificación 813.54
Número de documento/Ítem K49s
100 1# - ENTRADA PRINCIPAL--NOMBRE DE PERSONA
Nombre de persona Kimbrough, Emily,
Fechas asociadas al nombre 1899-
9 (RLIN) 11466
245 10 - MENCIÓN DE TÍTULO
Título So near and yet so far /
Mención de responsabilidad, etc. Emily Kimbrough; dibujo de Mircea Vasiliu.
260 ## - PUBLICACIÓN, DISTRIBUCIÓN, ETC.
Lugar de publicación, distribución, etc. New York :
Nombre del editor, distribuidor, etc. Harper,
Fecha de publicación, distribución, etc. 1955.
300 ## - DESCRIPCIÓN FÍSICA
Extensión 241 p. :
Otras características físicas il. ;
Dimensiones 22 cm.
650 #4 - PUNTO DE ACCESO ADICIONAL DE MATERIA--TÉRMINO DE MATERIA
Término de materia o nombre geográfico como elemento de entrada Novela estadounidense
9 (RLIN) 262
650 #4 - PUNTO DE ACCESO ADICIONAL DE MATERIA--TÉRMINO DE MATERIA
Término de materia o nombre geográfico como elemento de entrada Literatura estadounidense
9 (RLIN) 263
700 1# - PUNTO DE ACCESO ADICIONAL--NOMBRE DE PERSONA
Nombre de persona Vasiliu, Mircea
9 (RLIN) 11467
Existencias
Estado de retiro Estado de pérdida Restricciones de uso No para préstamo Código de colección Localización permanente Ubicación/localización actual Ubicación en estantería Fecha de adquisición Número de inventario Total de préstamos Signatura topográfica completa Código de barras Fecha visto por última vez Precio válido a partir de Tipo de ítem Koha
    Préstamo interno   Monografías: Libros y Folletos General General En catalogación 13.07.2009 LF1   813.54 K49s 3768-10 25.06.2020 25.06.2020 Préstamo interno

Con tecnología Koha